| 000 | 00438nam a2200145Ia 4500 | ||
|---|---|---|---|
| 008 | 151213s9999 xx 000 0 und d | ||
| 100 | _aRouttedge & Kegampaul | ||
| 245 |
_aAn Introduction to Transformation Syntax _cRouttedge & Kegampaul |
||
| 260 |
_aLondon _bGreat Britain Kegampaul Ltd. _c1971 |
||
| 300 | _a3584 p. | ||
| 650 | _aEnglish Literature | ||
| 650 | _aEnglish Literature | ||
| 700 | _aRouttedge & Kegampaul | ||
| 999 |
_c2387 _d2387 |
||